Statistiques concernant Paroles - Est-ce que tu viens pour les vacances ?

Cliquez ici pour prendre le quiz!

Statistiques générales

  • Ce quiz a été pris 112 fois
  • Le résultat moyen est 218 sur 268

Statistiques - réponses

Paroles% Correct
le
100%
pour
100%
que
100%
tu
100%
vacances
100%
Est-ce
99%
Les
99%
les
99%
viens
99%
Je
98%
je
98%
pas
98%
à
96%
changé
95%
de
95%
n'ai
95%
au
94%
Au
94%
en
94%
En
94%
un
93%
Un
93%
Moi
92%
d'adresse
90%
peu
90%
avance
88%
rendez-vous
87%
serais,
87%
nos
86%
pensé
86%
pense
86%
promesses
78%
promesses...
78%
Des
63%
des
63%
on
63%
On
63%
la
61%
sur
61%
cheveux
58%
ton
58%
ça
55%
blouson
54%
comme
53%
toi
53%
crocodile
52%
Et
52%
T'avais
52%
faire
51%
blonds
49%
Une
49%
yeux
49%
chantais
48%
connu
48%
même
48%
couleur
47%
italien
47%
l'océan
47%
te
47%
j'ai
46%
malin
46%
46%
s'est
46%
soleil,
45%
endroit
42%
d'enfant
37%
matin
35%
petit
35%
j'avais
34%
quand
34%
nuits
33%
froid
31%
main
31%
d'hiver
30%
sentiments
30%
J'étais
28%
Amour
27%
danser
27%
d'été
27%
goéland
27%
dit
25%
triste,
25%
chanson
24%
slow
24%
tiendrais
23%
oublie
22%
rentrant
22%
t'aime
22%
d'enfance,
20%
d'adolescence
19%
exil
19%
C'que
18%
reviendrais
17%

Distribution des résultats

Percentile par nombre de réponses

% des personnes avec chaque résultat

Votre développement - résultats

Vous n’avez pas pris ce quiz